000 00584nam a22002057a 4500
003 OSt
005 20260421050029.0
008 260421b |||||||| |||| 00| 0 eng d
020 _a981-4119-67-9
040 _aDWC-Main lib.
_cOC
082 _aCirc. 510 W275d 2002
100 _aWashburn, Sherwood
245 _aDiscrete mathematics/
_cSherwood Washburn
260 _aPhilippines :
_bPrentice-hall,
_cc2002.
300 _axvi 370, I-7 p. ;
_c24 cm.
504 _aInclude index.
700 _aMarlowe, Thomas
700 _aRyan, Charles T.
942 _2ddc
_cBK-CIRC
_hCirc.
_n0
999 _c9550
_d9550